000 01064nam a2200217 a 4500
001 45658
005 20180714024936.0
008 140415s1990 mx 000 0 spa d
020 _a9684228104
041 _aspa
082 _a658.4
_bKAM
100 1 _aKAMI, MICHAEL
245 1 0 _aPUNTOS ESTRATEGICOS :
_bCOMO TOMAR DECISIONES TRES VECES MAS RAPIDAMENTE HACER INNOVACIONES MAS INTELIGENTES Y VENCER A LOS
250 _a1a ed.
260 _aMEXICO :
_bMC GRAW HILL INTERAMERICANA DE MEXICO,
_c1990
300 _a78
_c13.5 x 1.3 x 21
520 _aEN RESPUESTA A UNA ECONOMIA MUNDIAL DIRIGIDA POR FUERZAS IMPREDECIBLES, ESTE LIBRO LE DICE COMO POSICIONAR SU NEGOCIO PARA LA FLEXIBILIDAD Y LA ACTIVACION DE RESPUESTAS RAPIDAS AL CAMBIO, LAS CUALES ORIGINARAN BUENAS GANANCIAS.
650 1 4 _aADMINISTRACION
_xCIENCIAS ADMINISTRATIVAS
_xPROCESO ADMINISTRATIVO
_xDIRECCION
700 1 _aLONDOÑO J., JUAN GONZALO
_etr.
740 _aTRIGGER POINTS: HOW TO MAKE DECISIONS THREE TIMES FASTER, INNOVATE SMARTER AND BEAT YOUR COMPETITION BY TEN PERCENT
999 _c45658
_d45658